000 01351nam a22002537a 4500
001 BINCO
003 CO-MdBIC
005 20220423183126.0
008 220423b2003 ck a|||| |||| 00| 0 spa d
020 _a9580471606
040 _a CO-MdBIC
_bspa.
_cCO-MdBIC
_d CO-MdBIC
041 _aspa
082 _222
_a863.7
_bH542
100 _a Heredia, María Fernanda,
_d1970-
245 _aAmigo se escribe con H
_c/ Heredia, María Fernanda, escritora
_f1970-
260 1 _aBogotá, Colombia:
_bGéminis,
_c[2003]
260 4 _a© 2003
300 _a134 paginas;
_bilustraciones a blanco y negro:
_c20 cm.
490 _atorre de papel
500 _aTener miedo a las arañas, a los fantasmas o a la oscuridad podría ser común para mucha gente, pero... ¿es posible tener miedo a la memoria? Esta es la pregunta que se plantea Antonia, la protagonista de esta historia, mientras camina junto a su amigo H rumbo a la escuela. Es la duda que flota en su cabeza mientras recorre los colores de un mapamundi interminable y las palabras de un diccionario manchado con helado de chocolate. Este es un tierno y divertido viaje a la amistad, a las maripositas en el estómago, pero, por sobre todo, este es un viaje conmovedor a la memoria.
650 7 _9100
_aEducación infantil
700 _aDíaz, Carlos Manuel
_d1971-
_eilustraciones
942 _cLGB
999 _c67785
_d67785